=LDR 00000nam 2200000 4500 =001 INLIS000000000016537 =005 20130612111823 =008 ***********************************Ind** =035 ##$$0010-061300000016537 =041 ##$$a Ind =082 ##$$a 808.104 =090 ##$$a 808.104, Rum m =100 ##$$a Rumi, Jalaluddin =245 ##$$a Mengelus punggung singa, puisi dan cerita-cerita bijak, Jalaluddin Rumi =260 ##$$a 2003 $b Jakarta =300 ##$$a xv, 116 hlm, 21 cm =650 ##$$a Puisi-Cerita bijak =850 ##$$a NBPNMAT